000 00764nab a2200241 u 4500
001 11294
003 HDC
007 cr bn ---aaaaa
008 210206c20150805 |r|noo 0 a ind d
040 _aHDC
110 _aTribunnews.com
245 0 _aSerunya Berburu Makanan Halal di Rantau
260 _a[no place] :
_b[publisher not identified],
_c2015
336 _atext
_2rdacontent
337 _acomputer
_2rdamedia
338 _aonline resource
_2rdacarrier
650 _aFood market
_92245
650 _aHalal food
_950
856 _zRequest full-text at [email protected]
942 _2lcc
942 _cNEWS
942 _kNWSO 001299
999 _c8617
_d8617